Click Leaders of WWII Nations - Statistics

General Stats
  • This quiz has been taken 331 times
  • The average score is 13 of 18
Answer Stats
Hint Answer % Correct
Adolf Hitler Germany
94%
Joseph Stalin Soviet Union
94%
Winston Churchill Great Britain
93%
Benito Mussolini Italy
93%
Franklin Delano Roosevelt United States
91%
Hideki Tojo Japan
87%
Chiang Kai-Shek China
75%
Charles de Gaulle Free France
74%
Haile Selassie Ethiopia
69%
Ion Antonescu Romania
67%
Phibun Thailand
67%
Manuel Quezon Philippines
65%
Robert Menzies Australia
63%
Mackenzie King Canada
59%
Marshal Pétain Vichy (Occupied) France
58%
Paul Reynaud France (pre-1940)
54%
King George II Greece
39%
King Peter II Yugoslavia
34%
No matching quizzes found
Score Distribution
Percent of People with Each Score
Percentile by Number Answered
Your Score History
You have not taken this quiz